Statistics for European Countries Belonging to the Slavic Language Family

Click here to take the quiz!

General Stats

  • This quiz has been taken 122 times
  • The average score is 12 of 13

Answer Stats

Answer% Correct
Serbia
95%
Slovakia
94%
Croatia
93%
Slovenia
93%
Ukraine
92%
Russia
91%
Belarus
90%
Bosnia
90%
Czech Republic
90%
Poland
87%
Bulgaria
82%
Macedonia
81%
Montenegro
81%

Score Distribution

Percentile by Number Answered

Percent of People with Each Score

Your Score History

You have not taken this quiz